US States Only Best Actor Oscar Winner - Statistics

General Stats
  • This quiz has been taken 30 times
  • The average score is 4 of 7
Answer Stats
US State Year Won Film Answer % Correct
Virginia 1970 Patton George C Scott
88%
Iowa 1969 True Grit John Wayne
79%
Connecticut 1955 Marty Ernest Borgnine
63%
Montana 1941 Seargeant York Gary Cooper
50%
Florida 1963 Lillies of the Field Sidney Poitier
50%
Washington 1944 Going My Way Bing Crosby
46%
Missouri 1932 The Champ Wallace Beery
25%
No matching quizzes found
Score Distribution
Percent of People with Each Score
Percentile by Number Answered
Your Score History
You have not taken this quiz